A Year in Literature Quiz Stats

Quiz Updated May 26, 2015

Challenge
Share
Tweet
Embed
Score 0/12 Timer 02:00
0 Plays Today
Quote Month % Correct
Beware the Ides of ______March
97.8%
O, my luve's like a red red rose that's newly sprung in ______June
82.4%
The darling buds of ______May
78.1%
Ah, distinctly I remember it was in the bleak ______December
77.3%
______ is the cruelest month, breedingApril
69.3%
Echoes fade and memories die, Autumn frosts have slain ______July
59.7%
______ gray is here, Like a sexton by her graveJanuary
59.2%
On and off, all that hot French ______, we made ourselves ill from eating the greengagesAugust
57.5%
Whenever it is a damp, drizzly ______ in my soulNovember
46.1%
The great grey beast ______ had eaten Harvey Swick aliveFebruary
44.9%
First of all, it was ______, a rare month for boysOctober
43.2%
The unmentionable odour of death offends the ______ nightSeptember
35.9%

You're not logged in!

Compare scores with friends on all Sporcle quizzes.
Join for Free
OR
Log In

You Might Also Like...

Show Comments

Extras

Top Quizzes Today


Score Distribution

Your Account Isn't Verified!

In order to create a playlist on Sporcle, you need to verify the email address you used during registration. Go to your Sporcle Settings to finish the process.

Report this User

Report this user for behavior that violates our Community Guidelines.

Details: